Fast Typing A-Z - Statistics

General Stats
  • This quiz has been taken 132 times
    130 since last reset
  • The average score is 42 of 104
Answer Stats
% Correct
A
100%
B
98%
C
98%
D
98%
E
98%
F
95%
G
95%
H
95%
I
95%
J
95%
K
93%
L
93%
M
93%
N
93%
O
93%
P
93%
Q
93%
R
91%
S
91%
T
91%
U
89%
V
86%
W
82%
X
82%
Y
82%
Z
80%
A
68%
B
66%
C
64%
D
61%
E
61%
F
59%
G
59%
H
57%
I
55%
J
55%
K
55%
L
55%
M
55%
N
55%
O
52%
P
52%
Q
50%
R
43%
S
39%
T
39%
U
39%
V
36%
W
34%
X
34%
Y
34%
Z
32%
A
27%
B
27%
C
25%
D
23%
E
23%
F
23%
G
20%
H
20%
I
20%
J
20%
K
20%
L
18%
M
18%
N
18%
O
18%
P
16%
Q
16%
R
14%
S
14%
T
14%
U
11%
V
11%
W
11%
X
9%
Y
9%
Z
9%
A
5%
B
5%
C
5%
D
5%
E
5%
F
5%
G
5%
H
5%
I
5%
J
5%
K
5%
L
5%
M
5%
N
5%
O
5%
P
2%
Q
2%
R
2%
S
2%
T
2%
U
0%
V
0%
W
0%
X
0%
Y
0%
Z
0%
No matching quizzes found
Score Distribution
Percent of People with Each Score
Percentile by Number Answered
Your Score History
You have not taken this quiz since the last reset